000 00371nam a2200145Ia 4500
008 231129s2000||||xx |||||||||||||| ||spa||
020 _a84-9-8322-167-5
040 _bspa
082 _a005.369 T118l
100 _aTackett Jack
245 0 _aLinux
260 _c2000
264 _aMadrid EspaƱa : Prentice Hall
942 _2ddc
_cBKS
999 _c19315
_d19315